000 00372pab a2200157 454500
008 180718b1995 xxu||||| |||| 00| 0 eng d
100 _aGupta, Anupam
245 _aA year of Ahmadi court
260 _c1995
300 _ap.10
362 _a31 Dec
650 _aJustice, Administration of - India
650 _aJudiciary - India
773 _aTribune
909 _a30539
999 _c30539
_d30539